| Tag |
First Indicator |
Second Indicator |
Subfields |
| LEADER |
00000nam a2200000 i 4500 |
| 001 |
in00004013493 |
| 005 |
20181022125753.0 |
| 006 |
m o d f |
| 007 |
cr ||||||||||| |
| 008 |
170421s1952 dcu o f000 0 eng c |
| 019 |
|
|
|a 988786313
|
| 035 |
|
|
|a (OCoLC)ocn983724967
|
| 042 |
|
|
|a dlr
|a pcc
|
| 043 |
|
|
|a n-us---
|
| 040 |
|
|
|a OCLCE
|b eng
|e rda
|e pn
|c OCLCE
|d Z5A
|d OCLCQ
|d GPO
|d MvI
|
| 049 |
|
|
|a WWW
|
| 074 |
|
|
|a 0768-A-01 (online)
|
| 086 |
0 |
|
|a L 2.3:1114
|
| 245 |
0 |
0 |
|a Case studies in union leadership training, 1951-52.
|
| 264 |
|
1 |
|a Washington, D.C. :
|b United States Department of Labor, Bureau of Labor Statistics,
|c 1952.
|
| 300 |
|
|
|a 1 online resource (v, 23 pages).
|
| 336 |
|
|
|a text
|b txt
|2 rdacontent
|
| 337 |
|
|
|a computer
|b c
|2 rdamedia
|
| 338 |
|
|
|a online resource
|b cr
|2 rdacarrier
|
| 490 |
1 |
|
|a Bulletin ;
|v no. 1114
|
| 500 |
|
|
|a "From the Monthly Labor Review of the Bureau of Labor Statistics, November 1951, February, April, May, and June 1952 issues"--Page 2 of cover.
|
| 588 |
|
|
|a Description based on online resource; title from PDF title page (FRASER, viewed Sept. 12, 2018).
|
| 650 |
|
0 |
|a Labor unions
|x Officials and employees
|z United States
|v Case studies.
|
| 650 |
|
7 |
|a Labor unions
|x Officials and employees.
|2 fast
|0 (OCoLC)fst00990289
|
| 651 |
|
7 |
|a United States.
|2 fast
|0 (OCoLC)fst01204155
|
| 655 |
|
7 |
|a Case studies.
|2 fast
|0 (OCoLC)fst01423765
|
| 710 |
1 |
|
|a United States.
|b Bureau of Labor Statistics,
|e issuing body.
|
| 776 |
0 |
8 |
|i Print version:
|t Case studies in union leadership training, 1951-52
|w (DLC)l 52000176
|w (OCoLC)17499419
|
| 830 |
|
0 |
|a Bulletin of the United States Bureau of Labor Statistics ;
|v 1114.
|
| 856 |
4 |
0 |
|u https://purl.fdlp.gov/GPO/gpo108837
|t 0
|
| 999 |
f |
f |
|s 2e4fd51b-da8e-31dd-9ccd-2d2a29bf9961
|i 320ce8bf-49de-35e2-baf2-dd036cc2beb1
|t 0
|
| 952 |
f |
f |
|a Texas A&M University
|b College Station
|c Electronic Resources
|d Available Online
|t 0
|e L 2.3:1114
|h Superintendent of Documents classification
|
| 998 |
f |
f |
|a L 2.3:1114
|t 0
|l Available Online
|